000 00714nam a2200253Ia 4500
008 170203s9999 xx 000 0 und d
020 _a9715080324
050 _aFic
050 _bB133b
100 _aBadelles, Jose T.
245 _aBoy with no face /
245 _cstory & illustrations by = kuwento at guhit ni Jose T. Badelles.
260 _aQuezon City, Philippines :
260 _bAdarna Book Services,
260 _c1996
300 _a1 volume (unpaged) :
300 _bcolor illustrations ;
300 _c23 cm.
440 _aAklat Adarna.,
500 _aIn Tagalog and English.
650 _aFolklore --
650 _xPhilippines.
700 _aBatang walang mukha, other title.
999 _c306509
_d306509